000 00780nam a22002177a 4500
999 _c15702
_d15702
003 AR-CdUCM
008 190429b ||||| |||| 00| 0 spa d
040 _aMUNICIPALIDAD PROVINCIAL DEL CUSCO
_cBIBLIOTECA MUNICIPAL DEL CUSCO
082 _a398 /
_bM61 / 1946
100 _aValcarcel, Luis E.
_9628
110 _aMinisterio de educación publica
_96342
245 _a10 charlas sobre folklore /
260 _aLima :
_c1946
300 _a51 páginas ;
_c32 cm.
505 _aContenido: Resolución suprema Nº 3479 -- Presentación -- El floklore como ciencia -- Panorama del Folklore -- Juegos infantiles...
650 _aEducacion publica
_910865
650 _aFolklore
_91081
650 _aCharlas kolcloristas
_934870
942 _2ddc
_cLIBROS
945 _adavv
_d29/04/2019